<?xml version="1.0" encoding="UTF-8"?>
<record
    xmlns:xsi="http://www.w3.org/2001/XMLSchema-instance"
    xsi:schemaLocation="http://www.loc.gov/MARC21/slim http://www.loc.gov/standards/marcxml/schema/MARC21slim.xsd"
    xmlns="http://www.loc.gov/MARC21/slim">

  <leader>00439nam a2200145Ia 4500</leader>
  <controlfield tag="008">230411s9999    xx            000 0 und d</controlfield>
  <datafield tag="020" ind1=" " ind2=" ">
    <subfield code="a">81-312-0085-X</subfield>
  </datafield>
  <datafield tag="041" ind1=" " ind2=" ">
    <subfield code="a">eng</subfield>
  </datafield>
  <datafield tag="082" ind1=" " ind2=" ">
    <subfield code="a">R/610.724/BUR/GRO/B03963</subfield>
  </datafield>
  <datafield tag="100" ind1=" " ind2=" ">
    <subfield code="a">Burns Nancy &amp; Grove Susan</subfield>
    <subfield code="9">178039</subfield>
  </datafield>
  <datafield tag="245" ind1=" " ind2=" ">
    <subfield code="a">Understanding Nursing Research : Building an evidence based practice</subfield>
  </datafield>
  <datafield tag="260" ind1=" " ind2=" ">
    <subfield code="b">Saunders company</subfield>
    <subfield code="a">Missouri</subfield>
    <subfield code="c">2007</subfield>
  </datafield>
  <datafield tag="300" ind1=" " ind2=" ">
    <subfield code="a">586p</subfield>
  </datafield>
  <datafield tag="999" ind1=" " ind2=" ">
    <subfield code="c">154744</subfield>
    <subfield code="d">154744</subfield>
  </datafield>
  <datafield tag="952" ind1=" " ind2=" ">
    <subfield code="0">0</subfield>
    <subfield code="1">0</subfield>
    <subfield code="4">0</subfield>
    <subfield code="7">0</subfield>
    <subfield code="8">R</subfield>
    <subfield code="a">BTIN</subfield>
    <subfield code="b">BTIN</subfield>
    <subfield code="d">2007-02-22</subfield>
    <subfield code="e">B.J.Medical Co-oprative College Stores</subfield>
    <subfield code="g">495.00</subfield>
    <subfield code="i">1025</subfield>
    <subfield code="l">0</subfield>
    <subfield code="o">R 610.724 BUR GRO B03963</subfield>
    <subfield code="p">BTIN-BK-3963</subfield>
    <subfield code="r">2023-04-11 00:00:00</subfield>
    <subfield code="v">361.00</subfield>
    <subfield code="w">2007-02-22</subfield>
    <subfield code="y">BK</subfield>
    <subfield code="z">B03963</subfield>
  </datafield>
  <datafield tag="952" ind1=" " ind2=" ">
    <subfield code="0">0</subfield>
    <subfield code="1">0</subfield>
    <subfield code="4">0</subfield>
    <subfield code="7">0</subfield>
    <subfield code="8">R</subfield>
    <subfield code="a">BTIN</subfield>
    <subfield code="b">BTIN</subfield>
    <subfield code="d">2012-03-20</subfield>
    <subfield code="e">B.J.Medical Co-oprative College Stores</subfield>
    <subfield code="g">795.00</subfield>
    <subfield code="i">1025</subfield>
    <subfield code="l">1</subfield>
    <subfield code="o">R 610.724 BUR GRO B07059</subfield>
    <subfield code="p">BTIN-BK-7059</subfield>
    <subfield code="r">2025-09-04 00:00:00</subfield>
    <subfield code="s">2025-08-29</subfield>
    <subfield code="v">556.00</subfield>
    <subfield code="w">2007-02-22</subfield>
    <subfield code="y">BK</subfield>
    <subfield code="z">B07059</subfield>
  </datafield>
  <datafield tag="952" ind1=" " ind2=" ">
    <subfield code="0">0</subfield>
    <subfield code="1">0</subfield>
    <subfield code="4">0</subfield>
    <subfield code="7">0</subfield>
    <subfield code="8">R</subfield>
    <subfield code="a">BTIN</subfield>
    <subfield code="b">BTIN</subfield>
    <subfield code="d">2013-03-20</subfield>
    <subfield code="e">B.J.Medical Co-oprative College Stores</subfield>
    <subfield code="g">845.00</subfield>
    <subfield code="i">1025</subfield>
    <subfield code="l">1</subfield>
    <subfield code="o">R 610.724 BUR GRO B07509</subfield>
    <subfield code="p">BTIN-BK-7509</subfield>
    <subfield code="r">2025-09-04 00:00:00</subfield>
    <subfield code="s">2025-08-29</subfield>
    <subfield code="v">600.00</subfield>
    <subfield code="w">2007-02-22</subfield>
    <subfield code="y">BK</subfield>
    <subfield code="z">B07509</subfield>
  </datafield>
</record>
